000
00253nam a2200097Ia 4500
001
691588
005
20250826161838.0
008
250824s9999 xx 000 0 und d
245
0
_a
GERİYE DÖNENLER
_c
GÜLTEN DAYIOĞLU
260
_b
ALTIN KİTAPLAR YAYINLARI
999
_c
691588
_d
691588